Normal view
MARC view
- Fang, Hsai-Yang
Entry Personal Name
001 - CONTROL NUMBER
- control field: 47308
003 - CONTROL NUMBER IDENTIFIER
- control field: NUST
005 - DATE AND TIME OF LATEST TRANSACTION
- control field: 20210314133804.0
008 - FIXED-LENGTH DATA ELEMENTS
- fixed length control field: 210314|| aca||aabn | a|a d
040 ## - CATALOGING SOURCE
- Original cataloging agency: NUST
- Transcribing agency: NUST
100 ## - HEADING--PERSONAL NAME
- Personal name: Fang, Hsai-Yang
670 ## - SOURCE DATA FOUND
- Source citation: Work cat.: (NUST): Foundation engineering handbook /, c1991.
